[Event "ARG SUD III Sub 20 Boys"]
[Site "Matheu, Buenos Aires"]
[Date "2007.??.??"]
[Round "?"]
[White "Kavalyov, Anton"]
[Black "Goldwaser, Christian"]
[Result "0-1"]
[WhiteElo "2475"]
[BlackElo "2374"]
[PlyCount "184"]
[EventDate "2007.02.07"]

1. c4 Nf6 2. Nc3 e6 3. e4 c5 4. e5 Ng8 5. Nf3 Nc6 6. d4 cxd4 7. Nxd4 Nxe5 8.
Ndb5 a6 9. Nd6+ Bxd6 10. Qxd6 f6 11. Be3 Ne7 12. Bb6 Nf5 13. Qc5 d6 14. Qa5 Qd7
15. f4 Nc6 16. Qa3 Nce7 17. O-O-O Qc6 18. Qb3 Bd7 19. Kb1 Rc8 20. Rg1 h5 21.
Be2 Kf7 22. Qb4 h4 23. b3 d5 24. Bf3 Qd6 25. Qxd6 Nxd6 26. Kb2 Rxc4 27. bxc4
Nxc4+ 28. Ka1 Nxb6 29. Rb1 Nec8 30. f5 Bc6 31. fxe6+ Kxe6 32. Rge1+ Kd6 33.
Rbd1 f5 34. Ne2 g5 35. Nd4 Bd7 36. Be2 Na4 37. Nb3 Re8 38. Bd3 Rxe1 39. Rxe1
Nc3 40. Na5 b5 41. Nb7+ Kc6 42. Nd8+ Kc5 43. Nf7 Ne4 44. Rc1+ Kd4 45. Bb1 Ncd6
46. Rd1+ Kc5 47. Ne5 Be6 48. Nd3+ Kb6 49. Nb4 Nc3 50. Rd3 Nde4 51. Kb2 a5 52.
Nc2 Ne2 53. Re3 Nf4 54. g3 Ng2 55. Re2 h3 56. Nd4 Bd7 57. Bd3 Kc5 58. Nf3 f4
59. gxf4 gxf4 60. Rc2+ Kd6 61. Rc1 b4 62. Rd1 Ne3 63. Rg1 Bg4 64. Nd4 Nc5 65.
Bb1 Ne6 66. Nc2 Ng2 67. Kc1 Be2 68. Kd2 f3 69. Rc1 Bb5 70. Ne3 d4 71. Ng4 Nc5
72. Rg1 a4 73. Nf2 Bd7 74. Ne4+ Nxe4+ 75. Bxe4 Bg4 76. Rf1 Nh4 77. Bc2 a3 78.
Bb3 Ng2 79. Rf2 Ke5 80. Bd1 Ke4 81. Bc2+ Kf4 82. Bb3 Bf5 83. Bd1 Be4 84. Bxf3
Bxf3 85. Kd3 Ke5 86. Kc4 Ke4 87. Rd2 d3 88. Kxb4 Kd4 89. Kxa3 Kc3 90. Rb2 d2
91. Rb1 Kc2 92. Rb2+ Kc1 0-1

[Event "ARG SUD III Sub 20 Boys"]
[Site "Matheu, Buenos Aires"]
[Date "2007.??.??"]
[Round "?"]
[White "Kavalyov, Anton"]
[Black "Mekhitarian, Krikor"]
[Result "1/2-1/2"]
[WhiteElo "2477"]
[BlackElo "2416"]
[PlyCount "142"]
[EventDate "2007.02.07"]

1. c4 c5 2. Nf3 Nc6 3. d4 cxd4 4. Nxd4 Nf6 5. Nc3 e6 6. a3 Be7 7. e4 O-O 8. Nf3
Qc7 9. Be2 b6 10. Bg5 a6 11. Rc1 Bb7 12. O-O Rac8 13. Re1 h6 14. Bh4 Nh5 15.
Bxe7 Nxe7 16. Nd4 Nf6 17. Bf1 d6 18. Qd2 Rfd8 19. f3 Qb8 20. Qf2 Nc6 21. Nb3
Nd7 22. Nd2 Nce5 23. f4 Ng4 24. Qe2 Ngf6 25. g3 Bc6 26. h3 Qa8 27. Kh2 Rb8 28.
b4 Kh8 29. Nb3 e5 30. f5 g6 31. Rcd1 Nf8 32. fxg6 fxg6 33. h4 Kg7 34. Bh3 Qb7
35. Rd3 Qe7 36. Red1 Bd7 37. Bxd7 Rxd7 38. Rf1 N8h7 39. Kg2 Rc8 40. Nd2 Rdc7
41. Rff3 Qe6 42. a4 a5 43. b5 Nf8 44. Rf1 N8d7 45. Rdf3 Rf8 46. Nd5 Rcc8 47.
R1f2 Rf7 48. Nb1 Rcf8 49. Nbc3 Nxd5 50. Nxd5 Rxf3 51. Rxf3 Rxf3 52. Qxf3 Qe8
53. h5 gxh5 54. Ne3 Qg6 55. Nf5+ Kh7 56. Qd3 Qg4 57. Qe3 Qg5 58. Qd3 Qg4 59.
Kg1 Nc5 60. Qxd6 Nxe4 61. Qe7+ Kh8 62. Qxe5+ Kh7 63. Qe7+ Kh8 64. Qf8+ Kh7 65.
Qxh6+ Kg8 66. Qe6+ Kh7 67. Qe7+ Kg6 68. Nh4+ Kh6 69. Qf8+ Kh7 70. Qf7+ Kh6 71.
Qf8+ Kh7 1/2-1/2

[Event "ARG SUD III Sub 20 Boys"]
[Site "Matheu, Buenos Aires"]
[Date "2007.??.??"]
[Round "?"]
[White "Latorre, Matias"]
[Black "Di Berardino, Diego"]
[Result "0-1"]
[WhiteElo "2009"]
[BlackElo "2416"]
[PlyCount "114"]
[EventDate "2007.02.07"]

1. e4 c5 2. Nf3 d6 3. d4 cxd4 4. Nxd4 Nf6 5. Nc3 a6 6. Be2 e5 7. Nb3 Be7 8. Be3
Be6 9. Nd5 Bxd5 10. exd5 O-O 11. O-O Nbd7 12. Qd3 Qc7 13. c4 a5 14. Nd2 Nc5 15.
Qc2 Nfd7 16. f4 Rfe8 17. Bd3 Nxd3 18. Qxd3 exf4 19. Bxf4 Bf6 20. Ne4 Be5 21.
Ng5 Nf6 22. Bxe5 Rxe5 23. Rxf6 Rxg5 24. Rf2 Re8 25. Raf1 f6 26. Qc2 Rge5 27. g3
Qc5 28. Kg2 Re4 29. Rc1 h5 30. h4 Qd4 31. Qc3 Qc5 32. Rcc2 Re3 33. Qd2 R8e4 34.
b3 Qc8 35. Rf4 Qe8 36. Rxe4 Qxe4+ 37. Kh2 g5 38. Qg2 Qe5 39. Qh3 g4 40. Qg2 f5
41. Rf2 Kg7 42. Rf4 Re4 43. Rxe4 fxe4 44. Qf2 e3 45. Qe1 e2 46. Kg2 Qe4+ 47.
Kf2 Qf3+ 48. Kg1 b6 49. a3 Qxb3 50. Qxe2 Qxg3+ 51. Kf1 Qxh4 52. Qe8 Qf6+ 53.
Kg2 Qe5 54. Qd8 Kg6 55. Qxb6 h4 56. Qb1+ Kg5 57. Qd1 h3+ 0-1

[Event "ARG SUD III Sub 20 Boys"]
[Site "Matheu, Buenos Aires"]
[Date "2007.??.??"]
[Round "?"]
[White "Latorre, Matias"]
[Black "Kavalyov, Anton"]
[Result "0-1"]
[WhiteElo "2009"]
[BlackElo "2475"]
[PlyCount "84"]
[EventDate "2007.02.07"]

1. e4 c5 2. Nf3 d6 3. d4 cxd4 4. Nxd4 Nf6 5. Nc3 a6 6. Be2 e5 7. Nb3 Be7 8. Be3
Be6 9. Nd5 Nbd7 10. Qd3 Bxd5 11. exd5 O-O 12. O-O g6 13. f4 exf4 14. Bxf4 Ne5
15. Bxe5 dxe5 16. Rad1 Bd6 17. c4 Nd7 18. Kh1 b6 19. Nd2 f5 20. Qh3 Kg7 21. g4
f4 22. g5 a5 23. Ne4 Nc5 24. Nxc5 Bxc5 25. Qh6+ Kh8 26. Bd3 Qd6 27. Rf3 Ra7 28.
Rh3 Rg7 29. Rf1 Kg8 30. Rhf3 b5 31. Qh3 bxc4 32. Bxc4 Re7 33. Qg4 Bb6 34. b3
Bc7 35. h3 Kg7 36. R3f2 e4 37. Re1 Rf5 38. h4 f3 39. Rxe4 Rxe4 40. Qxe4 Rf4 41.
Qe6 Rxh4+ 42. Kg1 Qg3+ 0-1

[Event "ARG SUD III Sub 20 Boys"]
[Site "Matheu, Buenos Aires"]
[Date "2007.??.??"]
[Round "?"]
[White "Latorre, Matias"]
[Black "Pizzocaro Gomez, Gustavo"]
[Result "1/2-1/2"]
[WhiteElo "2009"]
[BlackElo "2043"]
[PlyCount "80"]
[EventDate "2007.02.07"]

1. e4 e6 2. d4 d5 3. Nd2 Nf6 4. e5 Nfd7 5. Bd3 c5 6. c3 Nc6 7. Ne2 cxd4 8. cxd4
f6 9. exf6 Nxf6 10. O-O Bd6 11. Nf3 O-O 12. Bg5 e5 13. dxe5 Nxe5 14. Ned4 Nxf3+
15. Nxf3 Bg4 16. Be2 Kh8 17. h3 Be6 18. Nd4 Bg8 19. Nf5 Bc5 20. Bd3 Qb6 21. Qf3
Rae8 22. Qg3 Rf7 23. b4 Bd4 24. Nd6 Bxa1 25. Rxa1 Qxb4 26. Kh2 Ref8 27. Nxf7+
Rxf7 28. Bxf6 Rxf6 29. Rc1 Qf4 30. Rb1 b6 31. Rb2 g6 32. Rc2 Qxg3+ 33. Kxg3 Kg7
34. Rc7+ Rf7 35. Rc8 Re7 36. Kf4 Bf7 37. h4 h5 38. Rc6 Re6 39. Rc7 a5 40. f3
Re1 1/2-1/2

[Event "ARG SUD III Sub 20 Boys"]
[Site "Matheu, Buenos Aires"]
[Date "2007.??.??"]
[Round "?"]
[White "Latorre, Matias"]
[Black "Zabala, Adriel"]
[Result "1/2-1/2"]
[WhiteElo "2009"]
[BlackElo "2093"]
[PlyCount "100"]
[EventDate "2007.02.07"]

1. e4 e5 2. Nf3 Nc6 3. Bc4 Nf6 4. d3 Bc5 5. O-O d6 6. Be3 Bb6 7. Nbd2 Be6 8. c3
Qe7 9. Re1 O-O 10. Qc2 Nd7 11. d4 Bxc4 12. Nxc4 exd4 13. Nxb6 d3 14. Qxd3 axb6
15. Nd4 Nc5 16. Qc2 Ne5 17. Nf5 Qf6 18. f4 Ng4 19. Bd4 Qe6 20. Nxg7 Qg6 21. Nf5
Rfe8 22. Ng3 Qh6 23. Nf1 Qxf4 24. h3 Nf6 25. Bxf6 Qxf6 26. Re3 Kh8 27. Rf3 Qg6
28. Ng3 Nxe4 29. Nxe4 Rxe4 30. Raf1 Re1 31. Qxg6 Rxf1+ 32. Kxf1 fxg6 33. Rf7
Rxa2 34. Rxc7 Rxb2 35. Rxb7 b5 36. Rb6 Rb3 37. Rxd6 Rxc3 38. Rb6 Rb3 39. Rb7
Rb2 40. Kg1 h5 41. h4 b4 42. Kh2 b3 43. Kg3 Rb1 44. Kf4 b2 45. Kg5 Rf1 46. Rxb2
Kg7 47. Rb7+ Rf7 48. Rxf7+ Kxf7 49. Kh6 Kf6 50. g3 Kf5 1/2-1/2

[Event "ARG SUD III Sub 20 Boys"]
[Site "Matheu, Buenos Aires"]
[Date "2007.??.??"]
[Round "?"]
[White "Lemos, Damian"]
[Black "Ambrogi, Agustin"]
[Result "0-1"]
[WhiteElo "2439"]
[BlackElo "2159"]
[PlyCount "102"]
[EventDate "2007.02.07"]

1. d4 d5 2. Nf3 Nf6 3. c4 e6 4. Nc3 Nbd7 5. e3 a6 6. c5 c6 7. b4 Qc7 8. Bb2 Be7
9. Bd3 e5 10. dxe5 Nxe5 11. Nxe5 Qxe5 12. Qc2 Qc7 13. h3 a5 14. a3 axb4 15.
axb4 Rxa1+ 16. Bxa1 O-O 17. Ne2 h6 18. O-O Bd7 19. Ng3 Ra8 20. Bd4 Ra3 21. Rd1
Qc8 22. Qb2 Qa8 23. Bb1 Qa4 24. Bc2 Qa6 25. Bb3 h5 26. b5 cxb5 27. Bc3 h4 28.
Nf1 Qa8 29. Bb4 Ra6 30. Qd4 Bc6 31. Qxh4 Ra1 32. Qd4 Rxd1 33. Qxd1 b6 34. Qd4
Qf8 35. Qe5 bxc5 36. Bc3 Bd6 37. Qf5 Bd7 38. Qb1 c4 39. Bc2 b4 40. Bd4 Bc5 41.
Bxf6 gxf6 42. Bf5 Qc8 43. Ng3 b3 44. e4 Qc7 45. Nh5 Bxf5 46. Nxf6+ Kf8 47. exf5
Bxf2+ 48. Kf1 Bh4 49. Nxd5 Qe5 50. Qc1 Qxf5+ 51. Nf4 Bg3 0-1

[Event "ARG SUD III Sub 20 Boys"]
[Site "Matheu, Buenos Aires"]
[Date "2007.??.??"]
[Round "?"]
[White "Lemos, Damian"]
[Black "Mayorga, Nicolas"]
[Result "0-1"]
[WhiteElo "2439"]
[BlackElo "2231"]
[PlyCount "84"]
[EventDate "2007.02.07"]

1. d4 g6 2. Nf3 Bg7 3. g3 Nf6 4. Bg2 d6 5. O-O O-O 6. c4 Nc6 7. d5 Na5 8. Qa4
c5 9. Bd2 b6 10. Bc3 Bd7 11. Qc2 Bf5 12. Qc1 Qc8 13. Nbd2 Bh3 14. e4 Bxg2 15.
Kxg2 e6 16. b3 exd5 17. exd5 Re8 18. Qb2 Nh5 19. Bxg7 Nxg7 20. Qf6 Nb7 21. Rae1
Nh5 22. Qg5 Qd7 23. Ne4 Kg7 24. g4 h6 25. Qh4 Nf4+ 26. Kg3 g5 27. Nfxg5 Ng6 28.
Ne6+ fxe6 29. Qf6+ Kh7 30. f4 exd5 31. f5 Ne5 32. Qxe5 dxe4 33. Qb2 d5 34. f6
d4 35. f7 Qd6+ 36. Kh3 Re6 37. Qf2 Kg7 38. Qf5 e3 39. g5 hxg5 40. Kg2 Rh8 41.
h3 Nd8 42. Kh1 Qe7 0-1

[Event "ARG SUD III Sub 20 Boys"]
[Site "Matheu, Buenos Aires"]
[Date "2007.??.??"]
[Round "?"]
[White "Lemos, Damian"]
[Black "Mekhitarian, Krikor"]
[Result "0-1"]
[WhiteElo "2439"]
[BlackElo "2416"]
[PlyCount "82"]
[EventDate "2007.02.07"]

1. d4 Nf6 2. Nf3 e6 3. c4 b6 4. a3 Ba6 5. Qc2 Bb7 6. Nc3 c5 7. e4 cxd4 8. Nxd4
Bc5 9. Nb3 Nc6 10. Bg5 Nd4 11. Nxd4 Bxd4 12. Nb5 Be5 13. f4 Bb8 14. e5 h6 15.
exf6 hxg5 16. fxg7 Rg8 17. Qh7 Ke7 18. fxg5 Be5 19. Qd3 a6 20. Nc3 Qc7 21.
O-O-O Rxg7 22. h4 b5 23. cxb5 axb5 24. Kb1 Bc6 25. Be2 b4 26. axb4 Qa7 27. b5
Bxg2 28. Rhg1 Bd5 29. b6 Qxb6 30. Qxd5 Bxc3 31. Qxd7+ Kf8 32. Bb5 Qa5 33. Kc2
Bxb2 34. Kxb2 Qb4+ 35. Kc2 Qc5+ 36. Kb2 Qb4+ 37. Kc2 Ra2+ 38. Kd3 Ra3+ 39. Ke2
Qe4+ 40. Kf1 Rf3+ 41. Kg2 Qg4+ 0-1

[Event "ARG SUD III Sub 20 Boys"]
[Site "Matheu, Buenos Aires"]
[Date "2007.??.??"]
[Round "?"]
[White "Lemos, Damian"]
[Black "Pizzocaro Gomez, Gustavo"]
[Result "1/2-1/2"]
[WhiteElo "2439"]
[BlackElo "2043"]
[PlyCount "136"]
[EventDate "2007.02.07"]

1. d4 Nf6 2. Nf3 g6 3. g3 Bg7 4. Bg2 O-O 5. O-O d6 6. c4 Nbd7 7. Nc3 c6 8. h3
e5 9. e4 Re8 10. Re1 a5 11. Be3 exd4 12. Nxd4 Nc5 13. Qc2 a4 14. Rab1 Qa5 15.
b4 axb3 16. axb3 Ne6 17. Nde2 Nd7 18. Red1 Qc7 19. Qd2 Bf8 20. f4 Ng7 21. Bf2
Nf6 22. g4 h5 23. g5 Nd7 24. Rf1 Nc5 25. Qc2 Na6 26. Na4 Nb4 27. Qd2 c5 28.
Rbd1 Bd7 29. Nec3 Bc6 30. Kh1 Ra5 31. Bg1 Ra6 32. f5 Qc8 33. Qf4 gxf5 34. exf5
Re5 35. Ne4 Rxf5 36. Qh4 Be7 37. Nac3 Qe6 38. Nf6+ Kf8 39. Rfe1 Bxg2+ 40. Kxg2
Rxg5+ 41. Qxg5 Qxf6 42. Qxf6 Bxf6 43. Nd5 Nxd5 44. Rxd5 Ra2+ 45. Kh1 Be7 46.
Bh2 Ra6 47. Red1 Ra3 48. R1d3 Ra1+ 49. Kg2 Ra2+ 50. Rd2 Ra3 51. Rb2 Ra6 52. Bf4
h4 53. b4 Ne6 54. Bh6+ Ke8 55. bxc5 dxc5 56. Rxb7 Nd8 57. Rxe7+ Kxe7 58. Be3
Ne6 59. Bxc5+ Nxc5 60. Rxc5 Ra3 61. Rh5 Rg3+ 62. Kh2 Rc3 63. Rxh4 Ke6 64. Rh6+
f6 65. Rh4 Ke5 66. Kg2 f5 67. Kf2 f4 68. Rh8 Rxc4 1/2-1/2

[Event "ARG SUD III Sub 20 Boys"]
[Site "Matheu, Buenos Aires"]
[Date "2007.??.??"]
[Round "?"]
[White "Lovece, Ruth"]
[Black "Morales Mendoza, Luciana"]
[Result "0-1"]
[WhiteElo "2052"]
[BlackElo "2210"]
[PlyCount "102"]
[EventDate "2007.02.07"]

1. e4 e6 2. d4 d5 3. Nc3 Nf6 4. Bg5 dxe4 5. Nxe4 Be7 6. Bxf6 Bxf6 7. Nf3 O-O 8.
c3 Nd7 9. Bd3 b6 10. Qe2 Bb7 11. O-O-O Be7 12. h4 c5 13. dxc5 Qc7 14. Neg5 Nf6
15. Kb1 Rad8 16. Ne5 h6 17. c6 Bxc6 18. Nxc6 Qxc6 19. Nf3 Bc5 20. Rhg1 Ng4 21.
Nd4 Bxd4 22. cxd4 Nf6 23. g4 Kh8 24. g5 Ng8 25. gxh6 Nxh6 26. Rxg7 Kxg7 27.
Rg1+ Kf6 28. Qe5+ Ke7 29. Qg5+ f6 30. Qxh6 Qf3 31. Qd2 Rxd4 32. Rg7+ Kd8 33.
Rg3 Qd5 34. Qh6 Rf7 35. Qg6 Ke7 36. h5 Qh1+ 37. Kc2 Rf4 38. h6 Rxf2+ 39. Kb3
Rh2 40. h7 Rhxh7 41. Qg4 Rh4 42. Qe2 Rh2 43. Qg4 Qd5+ 44. Bc4 Qe5 45. Rc3 Rd2
46. Qf3 f5 47. Qh5 Rg2 48. Qh3 Rfg7 49. Qf3 R7g3 50. Qb7+ Kf6 51. Qd7 Rxb2+ 0-1

[Event "ARG SUD III Sub 20 Boys"]
[Site "Matheu, Buenos Aires"]
[Date "2007.??.??"]
[Round "?"]
[White "Lovece, Ruth"]
[Black "Zapata, Talia"]
[Result "0-1"]
[WhiteElo "2052"]
[BlackElo "2035"]
[PlyCount "56"]
[EventDate "2007.02.07"]

1. e4 c5 2. Nf3 e6 3. d4 cxd4 4. Nxd4 a6 5. Bd3 Qc7 6. O-O Nf6 7. Be3 b5 8. a3
Bb7 9. Nc3 Bc5 10. Qe2 Qb6 11. Nb3 Bxe3 12. Qxe3 Qxe3 13. fxe3 d6 14. Nd2 Ke7
15. h3 Nc6 16. Ne2 Ne5 17. b3 Rac8 18. Rfc1 Rc7 19. a4 b4 20. Kf2 Rhc8 21. Rab1
Nfd7 22. Nf3 Nc5 23. Nxe5 dxe5 24. g4 Bxe4 25. Bxe4 Nxe4+ 26. Ke1 Rxc2 27. Rxc2
Rxc2 28. Kd1 Rxe2 0-1

[Event "ARG SUD III Sub 20 Boys"]
[Site "Matheu, Buenos Aires"]
[Date "2007.??.??"]
[Round "?"]
[White "Mareco, Sandro"]
[Black "Cordova, Emilio"]
[Result "1-0"]
[WhiteElo "2356"]
[BlackElo "2477"]
[PlyCount "127"]
[EventDate "2007.02.07"]

1. d4 Nf6 2. c4 e6 3. Nc3 Bb4 4. e3 b6 5. Bd3 Bb7 6. Nf3 Bxc3+ 7. bxc3 Ne4 8.
O-O O-O 9. Qc2 f5 10. Nd2 Ng5 11. f4 Nf7 12. e4 Nh6 13. Nf3 Nc6 14. Ba3 Ne7 15.
Rae1 d6 16. Ng5 Qd7 17. d5 exd5 18. cxd5 b5 19. c4 bxc4 20. Bxc4 fxe4 21. Rxe4
Ng6 22. Re6 Rf5 23. Qb3 Qc8 24. g3 Ba6 25. Rb1 Bxc4 26. Qxc4 Ng4 27. Rbe1 Qd7
28. Bb2 Raf8 29. R6e2 N4e5 30. Bxe5 Nxe5 31. fxe5 Rxg5 32. e6 Qe7 33. Rf1 Rxf1+
34. Kxf1 Rf5+ 35. Kg2 Rf8 36. Qd4 a5 37. h4 g6 38. Qa7 g5 39. Qd4 gxh4 40. Re4
Rf6 41. Rxh4 Rg6 42. Rf4 Qg5 43. Rf3 Rg7 44. Qf6 Qxf6 45. Rxf6 c6 46. dxc6 Rc7
47. Kf3 Rxc6 48. Ke4 Rc5 49. Rf5 Rc4+ 50. Kd3 Rc1 51. Kd4 Kg7 52. g4 Rc2 53.
Kd5 h5 54. e7 Re2 55. Kxd6 Rd2+ 56. Rd5 Re2 57. Re5 Rxe5 58. Kxe5 Kf7 59. gxh5
Kxe7 60. Kd5 Kf6 61. Kc5 Kg5 62. Kb5 Kxh5 63. Kxa5 Kg5 64. Kb6 1-0

[Event "ARG SUD III Sub 20 Boys"]
[Site "Matheu, Buenos Aires"]
[Date "2007.??.??"]
[Round "?"]
[White "Mareco, Sandro"]
[Black "Di Berardino, Diego"]
[Result "1/2-1/2"]
[WhiteElo "2356"]
[BlackElo "2416"]
[PlyCount "43"]
[EventDate "2007.02.07"]

1. e4 c5 2. Nf3 d6 3. d4 cxd4 4. Nxd4 Nf6 5. Nc3 a6 6. Be3 e5 7. Nb3 Be6 8. Qd2
Be7 9. f3 O-O 10. O-O-O Nbd7 11. g4 b5 12. g5 b4 13. Ne2 Ne8 14. f4 a5 15. f5
a4 16. Nbd4 exd4 17. Nxd4 b3 18. Kb1 bxc2+ 19. Nxc2 Bb3 20. axb3 axb3 21. Na3
Ne5 22. Qg2 1/2-1/2

[Event "ARG SUD III Sub 20 Boys"]
[Site "Matheu, Buenos Aires"]
[Date "2007.??.??"]
[Round "?"]
[White "Mareco, Sandro"]
[Black "Fusco, Leonardo"]
[Result "1/2-1/2"]
[WhiteElo "2356"]
[BlackElo "2251"]
[PlyCount "68"]
[EventDate "2007.02.07"]

1. d4 Nf6 2. c4 g6 3. Nf3 Bg7 4. g3 O-O 5. Bg2 d6 6. O-O Nc6 7. Nc3 a6 8. Re1
Rb8 9. Rb1 Na5 10. b3 b5 11. cxb5 axb5 12. b4 Nc4 13. e4 c6 14. h3 e5 15. dxe5
dxe5 16. Qxd8 Rxd8 17. Bf1 Nd7 18. a4 Ba6 19. Bxc4 bxc4 20. b5 cxb5 21. axb5
Bb7 22. Be3 f5 23. Nd2 f4 24. Ba7 Ra8 25. Ra1 Bf8 26. gxf4 Bb4 27. Rec1 exf4
28. Nxc4 Bxc3 29. Rxc3 Bxe4 30. Kh2 g5 31. Re1 Bd5 32. b6 Rac8 33. Rec1 Re8 34.
Rd3 Nxb6 1/2-1/2

[Event "ARG SUD III Sub 20 Boys"]
[Site "Matheu, Buenos Aires"]
[Date "2007.??.??"]
[Round "?"]
[White "Mareco, Sandro"]
[Black "Kavalyov, Anton"]
[Result "1/2-1/2"]
[WhiteElo "2356"]
[BlackElo "2475"]
[PlyCount "43"]
[EventDate "2007.02.07"]

1. d4 c5 2. d5 d6 3. c4 e5 4. Nc3 g6 5. e4 Bh6 6. Bxh6 Nxh6 7. Qd2 Ng8 8. Bd3
a6 9. f4 Nd7 10. Nf3 Ngf6 11. O-O Qe7 12. Rae1 O-O 13. f5 Kh8 14. h3 Rg8 15. g4
g5 16. Re2 h6 17. Rh2 Nh7 18. Kg2 f6 19. Rfh1 Ndf8 20. h4 Bd7 21. b3 Rb8 22. a4
1/2-1/2

[Event "ARG SUD III Sub 20 Boys"]
[Site "Matheu, Buenos Aires"]
[Date "2007.??.??"]
[Round "?"]
[White "Mareco, Sandro"]
[Black "Needleman, Gaston"]
[Result "1-0"]
[WhiteElo "2356"]
[BlackElo "2437"]
[PlyCount "101"]
[EventDate "2007.02.07"]

1. d4 Nf6 2. c4 c5 3. d5 e6 4. Nc3 exd5 5. cxd5 d6 6. Nf3 g6 7. e4 Bg7 8. h3
O-O 9. Bd3 b5 10. Nxb5 Re8 11. O-O Nxe4 12. Re1 a6 13. Na3 Nf6 14. Rxe8+ Nxe8
15. Nc4 Bb7 16. Bc2 Nd7 17. Bg5 Ndf6 18. Ne3 Nc7 19. Bb3 Qe8 20. Bf4 Rd8 21.
Qd2 Ne4 22. Qc2 f5 23. Re1 Qf7 24. Nd2 Nf6 25. Ndc4 Nb5 26. Qd1 Qc7 27. a4 Nd4
28. Ba2 Kh8 29. Nxd6 Rxd6 30. Nc4 Bxd5 31. Bxd6 Qc6 32. Be5 Bxg2 33. Bxd4 Bxh3
34. f3 cxd4 35. Ne5 Qc7 36. Qb3 h5 37. Kh2 d3 38. Kxh3 d2 39. Nxg6+ Kh7 40. Rg1
d1=Q 41. Qxd1 Ng4 42. fxg4 hxg4+ 43. Kg2 Kxg6 44. Rf1 Kg5 45. Qd5 Be5 46. Qg8+
Bg7 47. Qd5 Be5 48. Bb1 f4 49. Re1 f3+ 50. Kf1 Kf6 51. Qe4 1-0

[Event "ARG SUD III Sub 20 Boys"]
[Site "Matheu, Buenos Aires"]
[Date "2007.??.??"]
[Round "?"]
[White "Mayorga, Nicolas"]
[Black "Cordova, Emilio"]
[Result "0-1"]
[WhiteElo "2231"]
[BlackElo "2477"]
[PlyCount "76"]
[EventDate "2007.02.07"]

1. e4 c5 2. Nf3 Nc6 3. Bb5 g6 4. O-O Bg7 5. Re1 Nf6 6. c3 O-O 7. h3 a6 8. Bxc6
bxc6 9. d4 cxd4 10. cxd4 d5 11. e5 Ne4 12. Nc3 Bf5 13. Qa4 c5 14. dxc5 Nxc5 15.
Qh4 Nd3 16. Rd1 Nxc1 17. Raxc1 Rc8 18. Qd4 Be6 19. Qa7 Bh6 20. Rc2 a5 21. Nd4
Bf4 22. Re2 Rc4 23. Nxe6 fxe6 24. Qa6 Qc8 25. Qxa5 d4 26. Ne4 d3 27. Ree1 Qc6
28. Nd2 Rc2 29. Nf3 Bh2+ 30. Kxh2 Rxf3 31. gxf3 Rxf2+ 32. Kg1 Qxf3 33. Qa8+
Qxa8 34. Kxf2 Qxa2 35. Rd2 Qc4 36. Ke3 Qh4 37. Rh1 Qg5+ 38. Kd4 Qxd2 0-1

[Event "ARG SUD III Sub 20 Boys"]
[Site "Matheu, Buenos Aires"]
[Date "2007.??.??"]
[Round "?"]
[White "Mayorga, Nicolas"]
[Black "Diamant, André"]
[Result "1/2-1/2"]
[WhiteElo "2231"]
[BlackElo "2426"]
[PlyCount "38"]
[EventDate "2007.02.07"]

1. e4 c5 2. Nf3 e6 3. d4 cxd4 4. Nxd4 a6 5. Nc3 Nc6 6. Be2 Qc7 7. O-O Nf6 8.
Be3 Bb4 9. Na4 Be7 10. Nxc6 bxc6 11. Nb6 Rb8 12. Nxc8 Qxc8 13. Bd4 c5 14. Be5
Rb6 15. Qd3 d6 16. Bc3 O-O 17. Rad1 d5 18. exd5 Nxd5 19. b3 c4 1/2-1/2

[Event "ARG SUD III Sub 20 Boys"]
[Site "Matheu, Buenos Aires"]
[Date "2007.??.??"]
[Round "?"]
[White "Mayorga, Nicolas"]
[Black "Garnier, René"]
[Result "1/2-1/2"]
[WhiteElo "2231"]
[BlackElo "2042"]
[PlyCount "87"]
[EventDate "2007.02.07"]

1. c4 Nf6 2. Nc3 c5 3. g3 Nc6 4. Bg2 g6 5. Nf3 Bg7 6. O-O O-O 7. d4 cxd4 8.
Nxd4 Qa5 9. Nc2 d6 10. Rb1 Be6 11. b4 Qc7 12. Ne3 Ne5 13. Ncd5 Bxd5 14. cxd5 a5
15. bxa5 Rxa5 16. Qb3 Ra7 17. Bd2 Ned7 18. Nc4 Nc5 19. Qc2 Nfd7 20. Rfc1 Rfa8
21. a3 Rb8 22. Rb5 Qd8 23. Ba5 b6 24. Bc3 Bxc3 25. Qxc3 Qf8 26. Rcb1 Rab7 27.
h4 Qg7 28. Qe3 f5 29. Bh3 Qf6 30. Bg2 Qg7 31. R1b2 Qf6 32. R2b4 Qg7 33. Qc1 Qf6
34. Qb1 Qc3 35. Nxb6 Rxb6 36. Rxb6 Rxb6 37. Rxb6 Nxb6 38. Qxb6 Qxa3 39. Qd8+
Kf7 40. Qh8 Qc1+ 41. Kh2 Qh6 42. Bh3 Qg7 43. Qc8 Qe5 44. e3 1/2-1/2

[Event "ARG SUD III Sub 20 Boys"]
[Site "Matheu, Buenos Aires"]
[Date "2007.??.??"]
[Round "?"]
[White "Mayorga, Nicolas"]
[Black "Zabala, Adriel"]
[Result "1-0"]
[WhiteElo "2231"]
[BlackElo "2093"]
[PlyCount "55"]
[EventDate "2007.02.07"]

1. Nf3 Nf6 2. d4 g6 3. c4 Bg7 4. Nc3 O-O 5. e4 d6 6. Be2 e5 7. d5 Nbd7 8. Bg5
h6 9. Bh4 g5 10. Bg3 Nh5 11. Nd2 Nf4 12. O-O Nf6 13. f3 N6h5 14. Bf2 Qd7 15.
Re1 f5 16. Bf1 Qf7 17. g3 g4 18. gxf4 exf4 19. exf5 g3 20. hxg3 fxg3 21. Be3
Nf4 22. Bxf4 Bd4+ 23. Be3 Qh5 24. Bg2 Bxc3 25. bxc3 Bxf5 26. Nf1 Qg6 27. Bd4 h5
28. Re7 1-0

[Event "ARG SUD III Sub 20 Boys"]
[Site "Matheu, Buenos Aires"]
[Date "2007.??.??"]
[Round "?"]
[White "Mekhitarian, Krikor"]
[Black "Di Berardino, Diego"]
[Result "1-0"]
[WhiteElo "2416"]
[BlackElo "2416"]
[PlyCount "91"]
[EventDate "2007.02.07"]

1. e4 c5 2. Nf3 e6 3. d4 cxd4 4. Nxd4 Nf6 5. Nc3 Nc6 6. Ndb5 Bb4 7. a3 Bxc3+ 8.
Nxc3 d5 9. exd5 exd5 10. Bd3 O-O 11. O-O d4 12. Ne2 Bg4 13. Bg5 Qd6 14. Qd2
Rfe8 15. Rfe1 h6 16. Bf4 Qd7 17. Ng3 Qd5 18. Bxh6 Rxe1+ 19. Rxe1 Re8 20. Rxe8+
Nxe8 21. Bf4 Nd6 22. Qe1 Be6 23. b3 Qc5 24. Ne4 Nxe4 25. Qxe4 g6 26. h4 a5 27.
Bg5 Qxa3 28. Qf4 Qc5 29. Bf6 Kh7 30. Qc7 Qa3 31. Kh2 Qf8 32. h5 Bf5 33. Bxf5
gxf5 34. Kh3 Qe8 35. Qf4 Qe4 36. Qg5 Qg4+ 37. Qxg4 fxg4+ 38. Kxg4 b5 39. c3
dxc3 40. Bxc3 a4 41. bxa4 bxa4 42. Kf5 a3 43. g4 Ne7+ 44. Ke5 a2 45. g5 f6+ 46.
Ke6 1-0

[Event "ARG SUD III Sub 20 Boys"]
[Site "Matheu, Buenos Aires"]
[Date "2007.??.??"]
[Round "?"]
[White "Mekhitarian, Krikor"]
[Black "Fusco, Leonardo"]
[Result "0-1"]
[WhiteElo "2416"]
[BlackElo "2251"]
[PlyCount "120"]
[EventDate "2007.02.07"]

1. e4 c5 2. Nf3 d6 3. d4 cxd4 4. Nxd4 Nf6 5. Nc3 a6 6. Bc4 e6 7. Bb3 Nbd7 8.
Bg5 Qa5 9. Qd2 Be7 10. O-O-O Nc5 11. Rhe1 h6 12. Bxf6 Bxf6 13. f4 Bd7 14. Kb1
Qc7 15. Nf3 Be7 16. Qd4 O-O 17. g4 Rfc8 18. g5 Nxb3 19. cxb3 Qc5 20. Qd2 hxg5
21. fxg5 Be8 22. h4 b5 23. e5 Bc6 24. Qf4 Bxf3 25. Qxf3 b4 26. Ne4 Qc2+ 27. Ka1
d5 28. Nf6+ gxf6 29. exf6 Bc5 30. Qg4 Bf2 31. Rf1 Rc6 32. g6 fxg6 33. a3 bxa3
34. bxa3 Qc3+ 35. Ka2 Qc2+ 36. Ka1 Qc3+ 37. Ka2 Qxf6 38. Rd2 Qf5 39. Qxf5 gxf5
40. Rdxf2 Ra7 41. b4 Rc4 42. Rh2 Kh7 43. Re1 Re4 44. Rc1 f4 45. Kb3 f3 46. Rf1
Rf7 47. Kc2 e5 48. Kd3 Ref4 49. h5 d4 50. Rc2 Rd7 51. Re1 f2 52. Rf1 e4+ 53.
Kd2 e3+ 54. Kd3 Rg4 55. Rcc1 Re7 56. Ke2 Rg3 57. Rcd1 Rc7 58. Kd3 Rc3+ 59. Ke4
e2 60. Rde1 exf1=Q 0-1

[Event "ARG SUD III Sub 20 Boys"]
[Site "Matheu, Buenos Aires"]
[Date "2007.??.??"]
[Round "?"]
[White "Mekhitarian, Krikor"]
[Black "Mareco, Sandro"]
[Result "0-1"]
[WhiteElo "2416"]
[BlackElo "2356"]
[PlyCount "142"]
[EventDate "2007.02.07"]

1. e4 e5 2. Nf3 Nc6 3. Bb5 a6 4. Ba4 Nf6 5. O-O b5 6. Bb3 Bb7 7. c3 Nxe4 8. d4
Na5 9. Bc2 exd4 10. Nxd4 c5 11. Re1 d5 12. Nf5 Qf6 13. f3 Qxf5 14. fxe4 dxe4
15. Nd2 O-O-O 16. a4 Nc4 17. axb5 axb5 18. Qe2 Nxd2 19. Bxd2 c4 20. Be3 Bc5 21.
Kh1 Bxe3 22. Qxe3 Rhe8 23. Rf1 Qe6 24. b3 Rd7 25. bxc4 Qxc4 26. Rf5 Rc7 27. Qh3
Kb8 28. Rb1 Qxc3 29. Qxc3 Rxc3 30. Rfxb5 Rc7 31. Bb3 Rec8 32. Bc4 Re8 33. Bd5
Ree7 34. Ra5 Kc8 35. Bxb7+ Rxb7 36. Rc1+ Rbc7 37. Re1 Re6 38. g4 Kd8 39. Ra4 e3
40. Ra3 e2 41. Kg2 Rc4 42. h3 Ke7 43. Kf3 Rce4 44. h4 Kf6 45. Rb3 h6 46. Rb5 g6
47. Kg3 Kg7 48. Kf3 Re3+ 49. Kf2 R6e5 50. Rb2 R5e4 51. g5 h5 52. Rb5 Rh3 53.
Rg1 Rhxh4 54. Ke1 Rhf4 55. Rc5 Rf5 56. Rc2 Rg4 57. Rxg4 hxg4 58. Kxe2 Rxg5 59.
Kf2 Re5 60. Kg3 f5 61. Kf4 Kf6 62. Rc6+ Re6 63. Rc8 Re4+ 64. Kg3 Kg5 65. Rc5
Re3+ 66. Kf2 Rd3 67. Ke2 Rf3 68. Rc6 Rf4 69. Ra6 g3 70. Ke3 g2 71. Ra1 Rf1 0-1